| 000 | 00578nam a2200205 a 4500 | ||
|---|---|---|---|
| 005 | 20140310183451.0 | ||
| 008 | 090120s19uu xx 00 eng d | ||
| 020 | _a9780071481733 | ||
| 050 |
_aHD 66 _b.D527 2008 |
||
| 100 | _aDiamond, Linda Eve | ||
| 245 |
_aPerfect phrases for building strong teams / _cLinda Eve Diamond |
||
| 260 |
_aNew York : _bMcGraw-Hill, _c2007. |
||
| 300 |
_a191 p. : _c20 cm. |
||
| 521 | _aBSBA | ||
| 650 | _aBSBA. | ||
| 650 | _aTeams in the workplace. | ||
| 650 | _aInterpersonnal communication. | ||
| 942 |
_cBK _2lcc _kFOR |
||
| 999 |
_c23397 _d23397 |
||